000 00559nam a22001937a 4500
003 OSt
005 20240625123301.0
008 240625b |||||||| |||| 00| 0 eng d
020 _a0-333-96436-5
040 _cMUST
082 _222
_a377 KIR 2002
100 _aKirby, Peadar
_917815
245 _aThe celtic tiger in distress:
_bGrowth with inequality in ireland
_cPeadar Kirby
260 _aLondon:
_bPalgrave,
_c2002
300 _axiii, 253p.
_bill. ;
_c 23cm
504 _aincludes bibliography and index
650 _2social science
942 _2ddc
_cO_SHELF
999 _c8817
_d8817